[Event "Arctic Chess Challenge"]
[Site "Tromso NOR"]
[Date "2007.08.12"]
[Round "9"]
[White "Moiseenko, A1."]
[Black "Gurevich, M."]
[Result "1-0"]
[WhiteElo "2641"]
[BlackElo "2633"]
[Annotator "de Dovitiis"]
[PlyCount "81"]
[EventDate "2007.08.04"]
[Source "Mark Crowther"]
[SourceDate "2007.08.13"]

1. d4 d5 2. c4 c6 3. Nc3 Nf6 4. Nf3 e6 (4... Bf5 5. cxd5 cxd5 6. Qb3 Qb6 7.
Nxd5 $16) 5. e3 a6 6. b3 Bb4 7. Bd2 Nbd7 8. Bd3 O-O 9. O-O Bd6 {
Un retroceso para preparar e5.} 10. e4 dxc4 11. bxc4 e5 12. c5 $1 {
Para tomar la iniciativa.} 12... Bc7 13. Na4 exd4 14. h3 Re8 15. Re1 h6 $146 ({
RR} 15... Nf8 16. Rb1 Ne6 17. Qc2 h6 18. Rb3 Nd7 19. e5 Qe7 20. Bc4 Ndxc5 21.
Bb4 b6 22. Nxc5 bxc5 23. Ba3 Rb8 24. Rxb8 Bxb8 25. Bxe6 Qxe6 26. Bxc5 Qd5 27.
Rd1 Bxe5 28. Nxe5 Qxe5 {1/2-1/2 Cvitan,O-Godena,M/Vienna 1991/EXT 2000 (28)})
16. Rb1 {El blanco no tiene apuro en recuperar el peon.} 16... Rb8 17. Qc1 Nf8
18. Rb4 N6d7 19. Bb1 Qf6 20. Nb6 Ng6 21. Nxc8 $5 Rexc8 22. Nxd4 a5 23. Rc4 b5 {
Empieza el juego tactico.} 24. cxb6 Nxb6 25. Rxc6 Qxd4 26. Rxc7 Rxc7 27. Qxc7
Rc8 28. Be3 Qb4 {
Las negras ganan calidad pero el blanco cuenta con dos alfiles poderosos.} 29.
Qxb6 Qxe1+ 30. Kh2 Ne5 $6 (30... Qb4 $1) 31. a3 Nc4 32. Qb7 Re8 (32... Nd6 $142
) 33. Ba2 Qc3 $2 (33... Nxe3 34. Qxf7+ Kh7 $1 35. Qxe8 Nf1+ 36. Kg1 Nd2+ 37.
Kh2 $11 {Hubiera sido lo mejor.}) 34. Qd7 Rf8 35. Bd4 Qd3 36. Qd5 Rc8 37. e5
Qc2 $2 (37... Qe2 $1) 38. e6 $1 Qxa2 (38... fxe6 39. Qxe6+ Kh7 40. Qxc8 Qxa2
41. Qf5+ Kg8 42. Qe6+ Kh7 43. Qf7 $18) 39. exf7+ Kf8 40. Qe6 Qc2 (40... Qxa3
41. Qxc8+ Kxf7 42. Qxc4+) 41. Bc5+ $3 {El golpe final.} (41. Bc5+ Rxc5 42. Qe8#
) 1-0

[Event "Najdorf Mem GpA"]
[Site "Grodzisk Mazowiecki POL"]
[Date "2007.07.28"]
[Round "9"]
[White "Macieja, B."]
[Black "Melkumyan, H."]
[Result "0-1"]
[WhiteElo "2596"]
[BlackElo "2399"]
[Annotator "de Dovitiis"]
[PlyCount "96"]
[EventDate "2007.07.20"]
[Source "Mark Crowther"]
[SourceDate "2007.07.30"]

1. c4 Nf6 2. g3 c5 3. Bg2 g6 4. Nc3 Bg7 5. Nf3 Nc6 6. d4 {
Se ha conformado una Inglesa simetrica.} 6... cxd4 7. Nxd4 O-O 8. O-O Nxd4 9.
Qxd4 d6 10. Qd3 ({RR} 10. Qh4 Qa5 11. Bh6 Bxh6 12. Qxh6 Be6 13. Rfd1 Rac8 14.
Nd5 Bxd5 15. Bxd5 e6 16. Bxb7 Rxc4 17. Bf3 Qe5 18. Qd2 d5 19. Rac1 Ne4 20. Bxe4
Rxe4 21. e3 h5 22. b3 h4 23. Kg2 Rd8 24. Qc3 Qg5 {
Zurowski,H-Brodeur,G/Montreal 1980/EXT 98/0-1 (35)}) 10... Rb8 ({RR} 10... Bf5
11. e4 Be6 12. Bd2 Nd7 13. b3 {
1/2-1/2 Mecking,H-Ljubojevic,L/Petropolis 1973/IZT (13)}) 11. c5 $146 ({RR} 11.
Be3 b6 12. Bd4 Bb7 13. e4 Qd7 14. Rfd1 Rfd8 15. a4 Bc6 16. a5 e5 17. Be3 bxa5
18. Rxa5 Rxb2 19. Nb5 Bxb5 20. cxb5 Qb7 21. Bxa7 Ra8 22. b6 Rc8 23. Qxd6 Ng4
24. Qd5 Qxd5 25. Raxd5 Rcc2 26. Rf1 Ne3 27. Rd8+ Bf8 28. b7 Nxf1 29. b8=Q Rxb8
30. Bxb8 Nd2 31. h3 Rc1+ 32. Kh2 Nc4 33. Bf3 Rc2 34. Kg1 Kg7 35. Rc8 Rb2 36. h4
Bd6 37. Ba7 Rb7 38. Bc5 Nb6 39. Rc6 Bxc5 40. Rxc5 Nd7 41. Rd5 f6 42. Kg2 Ra7
43. Be2 Rc7 44. f4 exf4 45. gxf4 Nc5 46. Kf3 Ne6 47. Ke3 Rc3+ 48. Rd3 Rxd3+ 49.
Bxd3 Kf7 50. Bc4 Ke7 51. h5 g5 {
1/2-1/2 Ribli,Z-Venalainen,U/Nice 1974/EXT 2000 (51)}) ({RR} 11. e4 a6 12. b3
b5 13. Bb2 Nd7 14. Qe2 bxc4 15. Qxc4 Qa5 16. Rac1 Bb7 17. Qe2 Rfc8 18. Nd5 Bxd5
19. Bxg7 Bxb3 20. Ba1 Qxa2 21. Qe3 Be6 22. f4 Rxc1 23. Qxc1 Nf6 24. f5 Rc8 25.
Qh6 Rc2 {Golombek,H-Szilagyi,G/Tel Aviv 1966/EXT 2001/0-1 (35)}) ({RR} 11. Bd2
Be6 12. b3 Qd7 13. Rfe1 a6 14. Rac1 Rfc8 15. e4 b5 16. cxb5 axb5 17. Nd5 Nxd5
18. exd5 Bf5 19. Qe2 Bf6 20. Rc6 Qb7 21. Be3 Bd7 22. Rec1 Bxc6 23. dxc6 Qc7 24.
b4 e6 25. Bf4 Rd8 26. Qf3 Be7 27. Qb3 Rb6 28. h4 Ra8 29. h5 Raa6 30. hxg6 hxg6
31. Qc2 Ra4 32. Qd2 Raa6 {1/2-1/2 Weidenbaum,M-Tobin,H/USA 1972/EXT 99 (32)})
11... Bf5 12. e4 Be6 13. cxd6 Ne8 {Ahora se ve para que el negro ha hecho Bf5.}
14. Rd1 Nxd6 15. Rb1 Rc8 16. Nd5 Nc4 17. Qe2 Bxd5 {
La mejor pieza blanca es eliminada.} 18. Rxd5 Qb6 19. b3 e6 20. Rd1 a6 21. h3
Rc6 22. Kh2 Rfc8 {Las negras progresan en la columna c.} 23. f4 R6c7 24. e5 Bf8
$1 {Cerrada la gran diagonal el alfil busca nuevos horizontes.} 25. Be4 {
Recien ahora se amenaza capturar el caballo.} 25... Na3 26. Bxa3 Bxa3 27. Rf1
Bc1 28. b4 $6 (28. Qg2) 28... Rc3 29. Rf3 Qd4 30. Rxc3 Rxc3 31. Bg2 b5 32. Bf3
Re3 {
La gran centralizacion de las piezas negras vuelvan las acciones en su favor.}
33. Qg2 Qc4 34. Rb3 Rxb3 35. axb3 Qxb3 $17 36. Bb7 Qxb4 37. Bxa6 Qc5 38. Qe2 b4
39. Bc4 (39. Qc4 $2 Qf2+) 39... Be3 40. h4 Kg7 {
Las blancas deben preocuparse del peon b4 y de la seguridad de su monarca.} 41.
Qd3 h6 42. Bb3 Bg1+ 43. Kh3 Qf2 $19 {
El ataque con alfiles de distinto color es irrebatible.} 44. Bd1 Qh2+ 45. Kg4
h5+ 46. Kf3 Bf2 $1 47. g4 hxg4+ 48. Ke4 (48. Kxg4 $2 Qg2+ 49. Qg3 Qxg3#) 48...
Qg2+ {Una excelente victoria tecnica del conductor de las piezas negras.} 0-1

[Event "Campeonato Continental Absoluto"]
[Site "Hotel Torre de Cali, Cali"]
[Date "2007.07.14"]
[Round "5.2"]
[White "Akobian, Varuzhan"]
[Black "Spraggett, Kevin"]
[Result "1-0"]
[WhiteElo "2570"]
[BlackElo "2585"]
[Annotator "de Dovitiis"]
[PlyCount "138"]
[EventDate "2007.07.10"]

1. d4 f5 2. Nc3 Nf6 3. Bg5 d5 4. Bxf6 exf6 5. e3 Be6 ({RR} 5... c6 6. Bd3 Qb6
7. Rb1 Bb4 8. Nge2 O-O 9. O-O Bd6 10. Ng3 g6 11. Nce2 Be6 12. b3 Qc7 13. Qd2 b5
14. Rfc1 b4 15. c4 bxc3 16. Qxc3 Rc8 17. b4 Qg7 18. Rc2 Nd7 19. Rbc1 Rab8 20.
a3 {Schneider,S-Djomaiev,M/Hallsberg 1993/EXT 97/0-1 (40)}) 6. Qf3 ({RR} 6. Bd3
g6 7. Qf3 c6 8. Nge2 Nd7 9. h3 Qb6 10. g4 Qxb2 11. Rb1 Qa3 12. gxf5 Bf7 13.
Rxb7 Bb4 14. O-O O-O-O 15. Rxb4 Qxb4 16. Ba6+ Kc7 17. Rb1 Qd6 18. Rb7+ Kc8 19.
Rb3+ Kc7 20. Rb7+ Kc8 21. e4 Nb8 22. Nb5 cxb5 23. Qc3+ Nc6 24. e5 Qc7 25. e6 {
1-0 Browne,W-Byrne,R/Mentor 1977/MCL (25)}) 6... Nc6 7. Bb5 $146 ({RR} 7. Nge2
Qd7 8. g3 ({RR} 8. Ng3 O-O-O 9. Bb5 g6 10. h3 Kb8 11. a3 h5 12. Nge2 g5 13. h4
Bd6 14. g3 f4 15. gxf4 gxf4 16. exf4 Bg4 17. Qd3 Bf5 18. Qd2 Qe7 19. Rg1 Be4
20. Nxe4 Qxe4 21. Bd3 Qe7 22. Qe3 Qf8 {
Zaitseva,L-Stepovaia Dianchenko,T/Cetinje 1992/EXT 97/1/2-1/2 (55)}) 8... g5 9.
h4 O-O-O 10. Rg1 Rg8 11. Qh1 Bd6 12. O-O-O Ne7 13. Kb1 c6 14. Nc1 Ng6 15. Nd3
Kb8 16. Ne2 Qe7 17. Bg2 Bc8 18. Bf3 Nh8 19. Rc1 Nf7 20. c4 dxc4 21. Rxc4 Bc7 {
Ruf,M-Hottes,D/Germany 1989/GER/1-0 (40)}) 7... Qd6 8. Nge2 O-O-O 9. a3 {
Las blancas no definen la situacion de su rey.} 9... Kb8 10. Na4 Ne7 (10... b6
$5) 11. Nc5 Bc8 12. g3 h5 13. h4 g6 14. b4 Bh6 {
Las negras preparan contrajuego en el sector rey.} 15. c3 Ka8 16. a4 a6 17. Bd3
Rhe8 18. Kd2 {El rey sale hacia el ala dama.} 18... Ka7 19. a5 $1 c6 {
Ahora a las blancas solo les queda romper con b5 mediante sacrificios.} 20. Nf4
Rh8 21. Kc2 Rdg8 22. Qe2 Re8 23. Rab1 Rh7 24. Rb2 g5 $1 {
El momento indicado, antes que el blanco pase la otra torre y pueda jugar Qf1.}
25. Nxh5 $1 {Aceptando el reto.} 25... Reh8 26. Rhb1 Bf8 {
El caballo de h5 se inmola por su ejercito.} 27. b5 $1 {Unica y buena.} 27...
cxb5 28. Bxb5 axb5 29. Rxb5 Ng8 {Las negras defiender por la segunda fila.} 30.
Rb6 Qc7 31. Qb5 Bxc5 32. dxc5 f4 $1 {
El contrajuego que le da emocion al encuentro.} 33. a6 Bf5+ 34. Kc1 Bxb1 35.
Rxb7+ Qxb7 36. axb7 Rxb7 {
El negro tiene muchas piezas por la dama pero varias inoperantes.} 37. Qa5+ Kb8
38. Qd8+ Ka7 39. c6 {La clave de toda la combinacion.} 39... Rb5 40. Qd7+ Kb6
41. c7 Ne7 42. Qxe7 Be4 43. exf4 (43. Qxf6+ Kxc7 44. Qxh8 Rb1+ 45. Kd2 Rb2+ 46.
Ke1 Rb1+ {con tablas.}) 43... Rb1+ 44. Kd2 Ra8 45. c8=N+ Rxc8 46. Qxf6+ Kb5 47.
Qg7 Ka6 48. fxg5 {El rey tiene una puerta de escape.} 48... Rb2+ 49. Ke3 Rc2
50. Nf6 R8xc3+ 51. Kd4 Rc4+ 52. Ke5 Rxf2 53. Qg8 Rf5+ 54. Kd6 Kb5 55. Qb8+ Ka4
56. Qb2 Rc2 57. Qb6 Rc4 58. g4 {
Pese al apuro de tiempo la posicion se encuentra definida.} 58... Rf3 59. h5
Rb4 60. Qa6+ Kb3 61. h6 Bd3 62. Qa8 Rb6+ 63. Ke5 Rf1 64. h7 Re1+ 65. Kf4 Rb4+
66. Kg3 Re3+ 67. Kf2 Rh3 68. Qxd5+ Ka4 69. Kg2 Rxh7 {Una partida espectacular.}
1-0

[Event "Campeonato Continental Absoluto"]
[Site "Hotel Torre de Cali, Cali"]
[Date "2007.07.15"]
[Round "6.12"]
[White "Gurevich, Dmitry"]
[Black "Uribe, Mauricio"]
[Result "1-0"]
[WhiteElo "2507"]
[BlackElo "2354"]
[Annotator "de Dovitiis"]
[PlyCount "51"]
[EventDate "2007.07.10"]

1. d4 e6 2. Nf3 Nf6 3. c4 Bb4+ 4. Nbd2 {
Cada vez se ve menos esta forma de tapar el jaque con blancas.} 4... b6 5. a3
Bxd2+ 6. Qxd2 Bb7 7. e3 O-O 8. Be2 d6 9. O-O Ne4 10. Qc2 a5 $6 {
Prefiero Nbd7 o f5.} 11. b3 Nd7 12. Bb2 f5 13. Rad1 d5 $6 $146 {Una Stonewall
extrana, donde el negro no tiene control sobre los cuadros oscuros.} ({RR} 
13... Ndf6 14. b4 axb4 15. axb4 Qd7 16. b5 c6 17. Ne5 dxe5 18. dxe5 Qc7 19.
exf6 Nxf6 20. bxc6 Bxc6 21. Qc3 Ba4 22. Ra1 Rfd8 23. f3 Qd6 24. Rfb1 Bc6 25.
Rxa8 Rxa8 26. Rd1 Qc5 27. Kf2 Kf7 28. Ra1 {
Belotti,B-Vezzosi,P/Forli 1993/EXT 98/1-0 (40)}) ({RR} 13... Kh8 14. d5 e5 15.
Nd2 Nxd2 16. Rxd2 Qh4 17. f4 Rae8 18. Bd3 exf4 19. exf4 Nc5 20. Bxf5 Nxb3 21.
Rd3 Re1 22. Rxb3 Rxf1+ 23. Kxf1 Qxf4+ 24. Rf3 Qxh2 25. Qc3 Rf7 26. Bh3 Rxf3+
27. Qxf3 {1-0 Browne,W-Weinstein,N/New York 1984/MCD (27)}) ({RR} 13... Rf6 14.
d5 Rg6 15. Nd4 Nf8 16. g3 Qh4 17. Bf3 Nf6 18. Bg2 Qh5 19. Qe2 Qxe2 20. Nxe2 e5
21. Nc3 N8d7 22. f4 Ng4 23. Rfe1 Rf6 24. h3 Nh6 25. Nb5 Rc8 26. Na7 Re8 27. b4
Rf7 28. Nc6 {Granda Zuniga,J-Santacruz,F/Junin 1987/EXT 2002/1-0 (41)}) 14. Ne1
c6 15. Nd3 Qe7 16. f3 Nef6 17. a4 $1 {Para tener Ba3 disponible.} 17... Rfc8
18. cxd5 exd5 (18... cxd5 $5) 19. Ne5 Qe6 20. Bd3 $1 g6 21. g4 {
Las blancas encuentran un plan para arrasar el juego negro.} 21... fxg4 22.
Bxg6 $1 Nxe5 (22... hxg6 23. Qxg6+ Kf8 (23... Kh8 24. Nf7+) 24. Nxd7+ Qxd7 25.
fxg4) 23. dxe5 Ne4 (23... hxg6 24. Qxg6+ Kf8 25. exf6 Qxe3+ 26. Kh1 Rc7 27.
Rde1 Qd2 28. f7 Rxf7 29. fxg4 $18) 24. Bxe4 dxe4 25. Rd6 Qf5 26. fxe4 {
No hay salidas contra las multiples amenazas blancas.} 1-0

[Event "FIDE candidates Matches"]
[Site "Elista, Kalmykia Russia"]
[Date "2007.06.06"]
[Round "?"]
[White "GM_Grischuk"]
[Black "GM_Rublevsky"]
[Result "1-0"]
[WhiteElo "2717"]
[BlackElo "2680"]
[Annotator "de Dovitiis"]
[PlyCount "67"]
[EventDate "2007.??.??"]

1. e4 c5 2. Nf3 e6 3. d4 cxd4 4. Nxd4 Nc6 5. Nc3 a6 6. Be2 d6 {
Hemos pasado de una Siciliana Taimanov a una variante Scheveningen.} 7. O-O Nf6
8. Be3 Bd7 9. a4 Be7 10. f4 $146 {Curioso que esta jugada nunca se hubiera
realizado antes, aunque por otro orden de movidas se ha arribado a esta
posicion.} ({RR} 10. Nb3 Na5 11. Nxa5 Qxa5 12. Qd2 Rc8 13. Bf3 h6 14. Rfd1 Qc7
15. a5 Bc6 16. Bb6 Qb8 17. Re1 Nd7 18. Bd4 O-O 19. Be2 Bf6 20. Rad1 Rfd8 21.
Bf1 Qc7 22. b4 Bxd4 23. Qxd4 Nf6 24. Re3 e5 {
Pfeiffer,G-Schifferdecker,W/Bad Pyrmont 1950/EXT 2000/1/2-1/2 (60)}) 10... Nxd4
11. Qxd4 $5 Bc6 12. b4 O-O 13. b5 Be8 {Para dejar d7 para el caballo.} (13...
Bd7 14. e5 Ne8 15. Ne4 d5 16. Nc5 Bc8 $14) 14. e5 Qc7 (14... dxe5 15. fxe5 Qxd4
16. Bxd4 Nd7 17. Ne4 $16) 15. b6 Qc6 (15... Qc8 16. exd6) 16. Bf3 d5 17. Rae1
$1 {El inicio de un plan genial.} 17... Nd7 18. Nxd5 $1 exd5 19. Bxd5 Qc5 $2 (
19... Qc8 $142 20. f5 $40) (19... Bc5 20. Bxc6 Bxd4 21. Bxd4 bxc6 22. b7 Rb8
23. Rb1 c5 24. Bc3 c4 25. Bd4 $18) 20. e6 Qxd4 21. Bxd4 Nf6 22. Bb3 {
La movida dificil que deja al blanco con clara ventaja.} 22... Rd8 23. Bxf6
Bc5+ (23... Bxf6 24. e7) 24. Kh1 gxf6 25. e7 Bxe7 26. Rxe7 Bc6 27. Rc7 Rd2 (
27... Kg7) 28. Re1 $1 Rf2 (28... Bxg2+ 29. Kg1) (28... Rxg2 29. Rxc6) 29. h3
Rxf4 30. Ree7 Rf1+ 31. Kh2 Rf2 {
Un contrajuego que se desvanece con el siguiente golpe tactico.} 32. Rxc6 $1
$18 bxc6 33. Rxf7 Rf4 (33... Rxf7 34. b7) 34. c3 1-0

[Event "FIDE candidates Matches"]
[Site "Elista, Kalmykia Russia"]
[Date "2007.06.08"]
[Round "?"]
[White "GM_Kamsky"]
[Black "GM_Gelfand"]
[Result "0-1"]
[WhiteElo "2705"]
[BlackElo "2733"]
[Annotator "de Dovitiis"]
[PlyCount "116"]
[EventDate "2007.??.??"]

1. d4 Nf6 2. Nf3 d5 3. Bf4 {El esquema Londres, no muy propicio para sacar
ventaja con blancas en un match de este nivel.} 3... c5 4. e3 Nc6 5. Bb5 $146 (
{RR} 5. Nbd2 Bg4 6. c3 e6 7. h3 Bh5 8. Qb3 Qb6 9. Ne5 Nxe5 10. Bxe5 Nd7 11. Bb5
f6 12. Bh2 c4 13. Qa4 Rd8 14. b3 a6 15. Bxd7+ Rxd7 16. bxc4 Qb2 17. Rb1 Qxc3
18. g4 b5 19. cxb5 Bg6 20. bxa6 Bxb1 21. a7 Bd3 22. a8=Q+ Kf7 23. Qxd7+ Kg8 24.
Qxe6# {1-0 Capablanca,J-Tipal,D/London 1911/Capablanca (24)}) ({RR} 5. c3 Qb6 (
{RR} 5... Bg4 6. Qb3 ({RR} 6. Nbd2 e6 7. Qa4 Bxf3 8. Nxf3 Qb6 9. Bb5 Be7 10.
Ne5 Rc8 11. O-O Nh5 12. Bg3 Nxg3 13. hxg3 a6 14. Bxc6+ bxc6 15. dxc5 Bxc5 16.
Qg4 g6 17. Qf4 Qc7 18. Qf6 O-O 19. Nf3 Be7 20. Qd4 c5 {
Roux Cabral,L-Lasker,E/Mar del Plata 1949/MCD/0-1 (39)}) 6... Qb6 7. dxc5 Qxb3
8. axb3 Bxf3 9. gxf3 e5 10. Bg3 Bxc5 11. b4 Bd6 12. b5 Ne7 13. Nd2 h5 14. Bh4
Nd7 15. Bxe7 Kxe7 {1-0 Hromadka,K-Schulz,J/Prague 1927/EXT 99 (15)}) 6. Qc2
cxd4 7. exd4 Bg4 8. Ne5 Rc8 9. Nxg4 Nxg4 10. Qb3 Qxb3 11. axb3 a6 12. Bd3 e6
13. Nd2 Be7 14. O-O O-O 15. Rfe1 Rfd8 16. Bg3 Bd6 17. f4 Nf6 18. Nf3 Nh5 19.
Ne5 Nxg3 {Juehe,H-Hantke,R/Bielefeld 1950/EXT 2003/1/2-1/2 (51)}) 5... cxd4 6.
exd4 Qa5+ 7. Nc3 Bg4 8. O-O e6 9. h3 Bxf3 10. Qxf3 Rc8 {
Las negras no tienen inconvenientes.} 11. Rfd1 Be7 12. Bf1 O-O 13. Ne2 b5 $1
14. c3 b4 $132 15. Qd3 Qb6 16. cxb4 Nxb4 17. Qb3 Ne4 18. a3 Nc6 19. Qxb6 axb6
20. b4 g5 21. Be3 Nd6 {/\ Nc4.} 22. Nc1 f5 23. Nb3 Nc4 24. b5 Nd8 25. a4 Nb7
26. Bc1 f4 $17 {Los alfiles blancos estan limitados.} 27. Be2 Bb4 28. Ra2 Nbd6
29. Bd3 Ra8 {Las blancas han de perder material.} 30. Kf1 Nxb5 31. Rc2 Nbd6 32.
Bd2 Rxa4 33. Bxb4 Rxb4 34. Nc1 Nf5 35. Bxf5 Rxf5 36. Nd3 Rb3 37. Ra2 Rf7 38.
Ke2 Nd6 39. Rda1 Nb5 40. Kd2 Nxd4 $19 {La posicion blanca se ha derrumbado, el
resto carece de interes. Solamente la garra de Kamsky busca el milagro.} 41.
Rc1 Rb5 42. Rc8+ Rf8 43. Rc7 Ra5 44. Rb2 Rf7 45. Rc8+ Kg7 46. Ne5 Rb7 47. h4
gxh4 48. Rb4 Ra2+ 49. Kd3 Nf5 50. Rxf4 Rba7 51. Rc3 R7a3 52. Rxa3 Rxa3+ 53. Ke2
b5 54. Rg4+ Kf6 55. Nd3 Ra8 56. Kd2 e5 57. Rb4 e4 58. Nc5 Rg8 {Black wins} 0-1

[Event "WCh Candidates Finals"]
[Site "Elista RUS"]
[Date "2007.06.08"]
[Round "3"]
[White "Leko, P."]
[Black "Bareev, E."]
[Result "1-0"]
[WhiteElo "2738"]
[BlackElo "2643"]
[Annotator "de Dovitiis Alejo"]
[PlyCount "81"]
[EventDate "2007.06.06"]
[Source "Mark Crowther"]
[SourceDate "2007.06.11"]

1. e4 c6 2. d4 d5 3. Nc3 dxe4 4. Nxe4 Nd7 5. Ng5 Ngf6 6. Bd3 e6 7. N1f3 Bd6 8.
Qe2 h6 9. Ne4 Nxe4 10. Qxe4 Qc7 11. O-O b6 12. Qg4 Kf8 13. Qh4 Bb7 14. Re1 Kg8
$146 ({RR} 14... Re8 15. Bd2 c5 16. Be4 Bxe4 17. Rxe4 Nf6 18. Re2 c4 19. Ne5
Bxe5 20. dxe5 Nd5 21. a4 Rc8 22. Ra3 Qd8 23. Qd4 a6 24. h4 Kg8 25. h5 Ne7 26.
Qxd8+ Rxd8 27. Bb4 Nd5 28. Bd6 c3 29. bxc3 Rc8 30. Re4 Nxc3 31. Rg4 Kh7 32. Kf1
Rhd8 33. Rb3 Rc6 34. Ke1 Rdc8 35. Ba3 b5 36. a5 Rc4 37. Rxc4 Rxc4 38. Bd6 Nd5
39. Kd2 Rf4 40. f3 g6 41. hxg6+ fxg6 42. Bc5 Rc4 43. Bb6 h5 44. Rb1 g5 45. Re1
Kg6 46. Re4 Kf5 47. Rxc4 bxc4 48. Bd4 g4 49. fxg4+ Kxg4 50. Ke2 Kg3 51. Kf1 Nf4
{0-1 Arakhamia Grant,K-Speelman,J/England 1998/CBM 064 ext (51)}) ({RR} 14...
Rd8 15. Bg5 Re8 16. Bd2 Kg8 17. Rad1 c5 18. Be4 g5 19. Qh3 Bxe4 20. Rxe4 f5 21.
Ree1 g4 22. Qh5 Nf6 23. Qg6+ Qg7 24. Qxg7+ Kxg7 25. dxc5 Bxc5 26. Ne5 Ne4 27.
Be3 Rd8 28. Bxc5 Nxc5 29. Nc6 {
Salazar,J-Abdulla,A/Calicut 1998/CBM 067 ext/0-1 (60)}) 15. Qh3 Re8 16. c4 Nf6
17. Bd2 c5 18. d5 $1 {Abre lineas sobre el rey rival.} 18... e5 19. Bc3 g6 20.
Qh4 Kg7 21. Nd2 $1 Qd8 22. Bc2 Bc8 23. Ba4 g5 24. Qg3 Nh5 25. Qf3 g4 {
Las negras deben debilitarse para no quedar tan restringidas.} 26. Qd1 Re7 27.
h3 Nf6 28. hxg4 Bxg4 29. f3 Bc8 30. Re3 Nh5 31. Qe1 f6 32. Qh4 Nf4 33. Ne4 Rf7
34. g3 Ng6 35. Qh5 {El ataque blanco es inminente.} 35... Bb8 36. Bc2 f5 37. f4
$1 Re8 (37... fxe4 38. Bxe4 $18) 38. Nf2 Rf6 39. Rae1 e4 40. Bxe4 {
La estocada final.} 40... fxe4 41. Nxe4 1-0

[Event "WCh Candidates Finals"]
[Site "Elista RUS"]
[Date "2007.06.11"]
[Round "5"]
[White "Aronian, L."]
[Black "Shirov, A."]
[Result "1/2-1/2"]
[WhiteElo "2759"]
[BlackElo "2699"]
[Annotator "de Dovitiis Alejo"]
[PlyCount "67"]
[EventDate "2007.06.06"]
[Source "Mark Crowther"]
[SourceDate "2007.06.11"]

1. d4 Nf6 2. c4 g6 3. Nc3 d5 4. cxd5 Nxd5 5. e4 Nxc3 6. bxc3 Bg7 7. Bc4 c5 8.
Ne2 Nc6 9. Be3 O-O 10. O-O Bg4 11. f3 Na5 12. Bd3 cxd4 13. cxd4 Be6 14. d5 Bxa1
15. Qxa1 f6 16. Bh6 Re8 17. Qd4 Bf7 18. Bb5 e5 19. Qf2 Re7 20. f4 ({RR} 20. Be3
Rc8 21. Bxa7 Nc4 22. Bc5 Rec7 23. Bb4 Be8 24. Nc3 Nd6 25. Bxe8 Qxe8 26. Qb6 Nf7
27. Qe3 Kg7 28. Rd1 Nd6 29. Rd3 Qd7 30. h3 Nb5 31. Nxb5 Qxb5 32. a3 Rc2 33. d6
Qd7 34. f4 Re8 {Gligoric,S-Portisch,L/Nice 1974/EXT 2000/0-1 (55)}) 20... exf4
$146 ({RR} 20... Qb6 21. Qxb6 axb6 22. d6 Re6 23. Rd1 Rd8 24. d7 Nc6 25. f5 Re7
26. Rd6 Rexd7 27. Rxf6 Rd6 28. Rxf7 Kxf7 29. Bc4+ Ke8 30. Nc3 gxf5 31. Bg5 fxe4
32. Nxe4 Rd1+ 33. Kf2 R8d4 34. Nf6+ Kf8 35. Be6 h6 36. Be3 Ke7 37. Bb3 Kxf6 {
0-1 Ferreira,A-Luyks,M/Portugal 1992/EXT 99 (37)}) 21. Qxf4 Qb6+ 22. Kh1 Bxd5
23. exd5 Qxb5 24. Qxf6 Qe8 25. Qd4 $1 {Mantiene la tension.} 25... Rf7 (25...
Rxe2 $4 26. Qg7#) 26. Rxf7 Qxf7 27. Bd2 $1 Qg7 (27... Qf1+ 28. Ng1 b6 29. Bc3)
28. Qe4 Qf7 29. Bc3 Rc8 30. h3 Nc4 31. Qd4 Kf8 32. Qh8+ Qg8 33. Qd4 Qf7 34.
Qh8+ 1/2-1/2

[Event "Dortmund, Germany"]
[Site "Dortmund, Germany"]
[Date "2007.06.23"]
[Round "?"]
[White "GM_Kramnik"]
[Black "GM_Anand"]
[Result "1/2-1/2"]
[WhiteElo "2772"]
[BlackElo "2786"]
[Annotator "de Dovitiis"]
[PlyCount "69"]
[EventDate "2007.??.??"]

1. d4 d5 2. c4 c6 3. Nf3 Nf6 4. e3 Bf5 {
Siguiendo las caminos del match Topalov - Kramnik del 2006.} 5. Nc3 e6 6. Nh4
Bg6 7. Be2 Nbd7 8. O-O ({RR} 8. Nxg6 hxg6 9. cxd5 exd5 10. Bf3 Bd6 11. g3 Qe7
12. Qc2 Nh7 13. Bd2 Ng5 14. Bg2 f5 15. O-O-O Ne4 16. Be1 Ndf6 17. f3 Nxc3 18.
Qxc3 a5 19. Bf2 O-O 20. Kb1 a4 21. Rc1 Rfc8 22. h3 b5 23. g4 b4 24. Qd2 b3 25.
a3 Bxa3 26. bxa3 Qxa3 27. Qb2 Qe7 28. Bg3 Qxe3 29. Rc3 Qxd4 30. Rxb3 Qa7 31.
Rb7 Qa6 32. Bf1 a3 33. Bxa6 axb2 34. Rb6 Nd7 35. Bxc8 Nxb6 36. Be6+ Kf8 37.
Kxb2 Nc4+ 38. Kc3 Ra3+ 39. Kd4 Ke7 40. Re1 Kf6 41. Bf4 g5 42. Bc7 g6 43. Bd8+
Kg7 44. gxf5 gxf5 45. Bxf5 Nd2 46. Re7+ Kf8 47. Rh7 Nxf3+ 48. Kc5 Kg8 49. Bf6
Ra5+ 50. Kd6 c5 51. Rg7+ Kf8 52. Be6 {
1-0 Farago,S-Heiligermann,G/Budapest 1994/EXT 99 (52)}) 8... Bd6 9. g3 O-O $146
({RR} 9... Qe7 10. Qb3 Rb8 11. Bd2 Ne4 12. Nxe4 Bxe4 13. f3 Bg6 14. Rae1 dxc4
15. Qxc4 c5 16. dxc5 Bxc5 17. b4 Bb6 18. a4 O-O 19. a5 Rbc8 20. Qa2 Bc7 21. Rc1
Bd6 22. Qb3 a6 23. Nxg6 hxg6 24. Rfd1 {
Vladimirov,B-Nei,I/Moscow 1963/EXT 2003/1/2-1/2 (56)}) 10. Nxg6 hxg6 11. Qc2
Qe7 12. Bd2 dxc4 13. Bxc4 c5 $5 {
Con c5 no se da tanta vida al Bc4 como se haria con e5.} (13... e5 $2 14. Qxg6)
14. dxc5 Nxc5 15. Rfd1 Rac8 16. Be1 a6 17. Rac1 Rc7 18. Qb1 Rfc8 19. Bf1 $14
Ncd7 20. Bg2 Ne5 21. Ne4 Rxc1 22. Rxc1 Rxc1 23. Qxc1 Nxe4 24. Bxe4 Bb4 $1 25.
Qc8+ Kh7 26. Bc3 (26. Bxb4 Qxb4 27. Qxb7 Qe1+ 28. Kg2 f5 $36) 26... Bxc3 27.
Qxc3 Ng4 28. Bf3 Nf6 {Ahora el negro tapa la gran diagonal.} 29. Qc8 Nd5 30. a3
a5 31. h4 b6 32. Qc6 Qd8 33. Bxd5 exd5 34. Qc3 Qd7 35. Kg2 {
Un correcto empate entre los dos numeros 1 del ajedrez.} 1/2-1/2